[Event "Landesliga Nord 9596"]
[Site "Bayern"]
[Date "1995.??.??"]
[Round "?"]
[White "Schneider, Bernd3333"]
[Black "Goetschel, Walter"]
[Result "1-0"]
[WhiteElo "1873"]
[BlackElo "1675"]
[PlyCount "55"]
[EventDate "1995.10.??"]
[EventType "team-tourn"]
[EventRounds "9"]
[EventCountry "GER"]
[SourceTitle "EXT 2020"]
[Source "ChessBase"]
[SourceDate "2019.10.17"]
[SourceVersion "1"]
[SourceVersionDate "2019.10.17"]
[SourceQuality "1"]
[WhiteTeam "Obernburg"]
[BlackTeam "Bindlach"]
[WhiteTeamCountry "GER"]
[BlackTeamCountry "GER"]

1. d4 Nf6 2. c4 e6 3. Nc3 Bb4 4. Bd2 c5 5. e3 0-0 6. Nf3 Bxc3 7. Bxc3 Ne4 8. Qc2 Nxc3 9. Qxc3 d5 10. dxc5 Nd7 11. cxd5 exd5 12. Be2 Qc7 13. Rc1 Nf6 14. 0-0 Re8 15. Nd4 Bd7 16. Bf3 Rac8 17. b4 a6 18. Qb3 Qe5 19. Rfd1 Bg4 20. h3 Bd7 21. a4 g5 22. Ne2 Be6 23. Qc3 Qxc3 24. Nxc3 Rc7 25. Bxd5 Bxd5 26. Nxd5 Nxd5 27. Rxd5 Re4 28. Rxg5+ 1-0